Ватикан и современная культура

מידע ביבליוגרפי
מחבר ראשי: Рашкова Р. Т. Раиса Тимофеевна
שפה:רוסית
יצא לאור: Москва, Политиздат, 1989
נושאים:
פורמט: ספר
KOHA link:https://koha.lib.tpu.ru/cgi-bin/koha/opac-detail.pl?biblionumber=19129

MARC

LEADER 00000nam0a2200000 4500
001 19129
005 20231101205242.0
010 |a 5250003869 
035 |a (RuTPU)RU\TPU\book\19288 
035 |a BOOK00000099 
090 |a 19129 
100 |a 20011209d1989 km y0rusy50 ca 
101 0 |a rus 
102 |a RU 
105 |a a z 000zy 
200 1 |a Ватикан и современная культура  |f Р. Т. Рашкова 
210 |a Москва  |c Политиздат  |d 1989 
215 |a 414 с.  |c ил. 
320 |a Указ. имен: с. 386-415. 
606 1 |a Ватикан  |2 stltpush  |3 (RuTPU)RU\TPU\subj\2079  |9 30698 
610 1 |a религия 
610 1 |a католицизм 
610 1 |a католическая церковь 
610 1 |a культура 
686 |a Э375  |v LBC/SL-A  |2 rubbk 
700 1 |a Рашкова  |b Р. Т.  |g Раиса Тимофеевна 
801 0 |a RU  |b 63413507  |c 20011209  |g PSBO 
801 2 |a RU  |b 63413507  |c 20190109  |g PSBO 
942 |c BK